System dynamics: an introduction (Record no. 80881)

MARC details
000 -LEADER
fixed length control field 01332nam a2200229 a 4500
008 - FIXED-LENGTH DATA ELEMENTS--GENERAL INFORMATION
fixed length control field 190822s1997 ||||||||||||||||| || u
020 ## - INTERNATIONAL STANDARD BOOK NUMBER
International Standard Book Number 9780132108089
050 ## - LIBRARY OF CONGRESS CALL NUMBER
Classification number TA 168 Row
100 ## - MAIN ENTRY--PERSONAL NAME
Personal name Rowell, Derek
245 10 - TITLE STATEMENT
Title System dynamics: an introduction
Statement of responsibility, etc. By Derek Rowell ; David N. Wormley
260 ## - PUBLICATION, DISTRIBUTION, ETC.
Place of publication, distribution, etc. New Jersey
Name of publisher, distributor, etc. Prentice-Hall
Date of publication, distribution, etc. 1997
300 ## - PHYSICAL DESCRIPTION
Extent xv, 592 pages : illustrations
350 ## -
-- 89.01
650 #0 - SUBJECT ADDED ENTRY--TOPICAL TERM
Topical term or geographic name entry element SYSTEM ANALYSIS
650 #0 - SUBJECT ADDED ENTRY--TOPICAL TERM
Topical term or geographic name entry element SYSTEMS ENGINEERING
700 ## - ADDED ENTRY--PERSONAL NAME
Personal name Wormley, david N
995 ## -
-- MAIN LIBRARY OPEN ACCESS
-- 749872
-- CBU-MAIN LIBRARY (Kitwe)
-- 89.01
-- TA 168 Row
-- 2
-- AVAILABLE
-- Aug 23, 2019
-- 749872
-- Main Library Open Access Collection
995 ## -
-- MAIN LIBRARY OPEN ACCESS
-- 749875
-- CBU-MAIN LIBRARY (Kitwe)
-- 89.01
-- TA 168 Row
-- 4
-- AVAILABLE
-- Aug 23, 2019
-- 749875
-- Main Library Open Access Collection
995 ## -
-- MAIN LIBRARY OPEN ACCESS
-- 749876
-- CBU-MAIN LIBRARY (Kitwe)
-- 89.01
-- TA 168 Row
-- 5
-- AVAILABLE
-- Aug 23, 2019
-- 749876
-- Main Library Open Access Collection
995 ## -
-- MAIN LIBRARY OPEN ACCESS
-- 749873
-- CBU-MAIN LIBRARY (Kitwe)
-- 89.01
-- TA 168 Row
-- 1
-- AVAILABLE
-- Aug 23, 2019
-- 749873
-- Main Library Open Access Collection
995 ## -
-- MAIN LIBRARY OPEN ACCESS
-- 749874
-- CBU-MAIN LIBRARY (Kitwe)
-- 89.01
-- TA 168 Row
-- 3
-- AVAILABLE
-- Aug 23, 2019
-- 749874
-- Main Library Open Access Collection
999 ## -
-- 80881
-- 80881
Holdings
Withdrawn status Lost status Source of classification or shelving scheme Damaged status Not for loan Permanent Location Current Location Shelving location Date acquired Total Checkouts Full call number Barcode Date last seen Copy number Price effective from Koha item type Date last checked out
          CBU-MAIN LIBRARY, KITWE. CBU-MAIN LIBRARY, KITWE.   07/11/2023   TA 168 Row 749872 07/11/2023 1 07/11/2023 MONOGRAPH  
          CBU-MAIN LIBRARY, KITWE. CBU-MAIN LIBRARY, KITWE.   07/11/2023   TA 168 Row 749875 07/11/2023 2 07/11/2023 MONOGRAPH  
          CBU-MAIN LIBRARY, KITWE. CBU-MAIN LIBRARY, KITWE.   07/11/2023 1 TA 168 Row 749876 03/23/2026 3 07/11/2023 MONOGRAPH 03/23/2026
          CBU-MAIN LIBRARY, KITWE. CBU-MAIN LIBRARY, KITWE.   07/11/2023   TA 168 Row 749873 07/11/2023 4 07/11/2023 MONOGRAPH  
          CBU-MAIN LIBRARY, KITWE. CBU-MAIN LIBRARY, KITWE.   07/11/2023   TA 168 Row 749874 07/11/2023 5 07/11/2023 MONOGRAPH